000
00197 a2200097 4500
020
_a
9780794503215
041
_a
eng
100
_a
Emma Helbrough
245
_a
Usborne Beginners , Bears
942
_c
BK
999
_c
11137
_d
11137